| 000 | 01120nam a2200229Ia 4500 | ||
|---|---|---|---|
| 003 | Ost | ||
| 005 | 20260507075638.0 | ||
| 008 | 260507s9999||||xx |||||||||||||| ||und|| | ||
| 040 | _cfsecg | ||
| 041 | _aara | ||
| 082 | _a332.642 | ||
| 100 |
_aعصام، حسين _eمؤلف |
||
| 245 | 0 |
_aأسواق الأوراق المالية / _c حسين عصام |
|
| 260 |
_aعمان: _bدار أسامة, _c2008 |
||
| 300 |
_a287 صفحة؛ _bإيضاحات ؛ _c24 سم |
||
| 520 | _aنشأت الاوراق المالية -مفهوم اسواق المالية -بورصة القيم -كفاءة أسواق الأوراق المالية -مؤشرات أسواق الأوراق المالية -كيفية بناء المؤشرات -المنتجات المصرفية -البضاعة المتداولة -بنية السوق التدوير وشركات المتضاربة -التجميع-اسباب ارتفاع الاسهم وانخفاضها -التحليل وأنواعه | ||
| 653 | _aالأوراق النقدية | ||
| 653 | _aالبورصة | ||
| 653 | _aالمال | ||
| 653 | _aالنقود | ||
| 942 | _cكتاب | ||
| 999 |
_c45342 _d45342 |
||